Nueva ciudadanía y educción: identidad, cultura y participación
Saved in:
| Main Authors: | , , , , |
|---|---|
| Format: | Bog |
| Sprog: | spansk |
| Udgivet: |
Buenos Aires
Paidós
2017
|
| Udgivelse: | 1a. ed |
| Serier: | Cuestiones de Educación
|
| Fag: | |
| Tags: |
Tilføj Tag
Ingen Tags, Vær først til at tagge denne postø!
|
MARC
| LEADER | 00000cam a2200000 a 4500 | ||
|---|---|---|---|
| 001 | UCC7512 | ||
| 003 | CL-VaPUC | ||
| 008 | 190409e20170000ag |||||||||||||||||spa|d | ||
| 020 | |a 9789501295573 | ||
| 082 | 0 | 4 | |a 370 |b HAS |2 21 |
| 100 | |a Haste, Helen |e author |9 602146 | ||
| 700 | 0 | |a Hogan, Amy |e author |9 602147 | |
| 700 | 0 | |a Abrahams, Salie |e author |9 602148 | |
| 700 | 0 | |a Bermúdez, Angela |e author |9 602149 | |
| 700 | 0 | |a Carretero Rodríguez, Mario |e author |9 602150 | |
| 245 | 1 | 0 | |a Nueva ciudadanía y educción: identidad, cultura y participación |
| 250 | |a 1a. ed | ||
| 300 | |a 236 p | ||
| 942 | |c BK | ||
| 945 | |d 20190409 14:28:00 |a dcastane | ||
| 260 | |a Buenos Aires |b Paidós |c 2017 | ||
| 650 | 0 | |a Filosofía de la educación |9 258384 | |
| 650 | 0 | |a Identidad |9 336178 | |
| 650 | 0 | |a Ciudadanía |9 258339 | |
| 650 | 0 | |a Cultura |9 269059 | |
| 583 | |a last modification |c 20191010 10:30:57 |k Rodrigo Vera | ||
| 490 | 0 | |a Cuestiones de Educación | |
| 999 | |c 374134 |d 374132 | ||
| 952 | |0 0 |1 0 |3 erb |4 0 |6 370_000000000000000_HAS_2017 |7 0 |8 A |9 492556 |a BIBHIS |b BIBHIS |i 5541492 |o 370 HAS 2017 |p 5541492 |r 2025-01-20 |w 2019-11-24 |y BK |z Catalogado en:20190409 |k HIS | ||